Účtová osnova a postupy účtovania pre podnikateľov

Saved in:
Bibliographic Details
Format: Book
Language:Slovak
Published: Žilina Ekonspo 1992
Edition:1. vyd.
Series:Účtovníctvo
Subjects:
Tags: Add Tag
No Tags, Be the first to tag this record!

MARC

LEADER 00000nam a2200000 4500
001 c001936
005 20221214090815.7
020 |a 80-71-56-012-X 
041 0 |a slo 
044 |a SK 
245 1 0 |a Účtová osnova a postupy účtovania pre podnikateľov 
250 |a 1. vyd. 
264 1 |a Žilina  |b Ekonspo  |c 1992 
300 |a 79 s.  |e príl. 
490 1 |a Účtovníctvo 
830 0 |a Účtovníctvo 
610 2 0 |a osnova účtová 
610 2 0 |a účtovníctvo 
610 2 0 |a podnikatelia 
610 2 0 |a podnikanie 
610 2 0 |a ČSFR 
610 2 0 |a 1992 
610 2 0 |a triedy účtové 
610 2 0 |a majetok investičný 
610 2 0 |a zásoby 
610 2 0 |a účtovníctvo finančné 
610 2 0 |a vzťahy zúčtovacie 
610 2 0 |a kapitál 
610 2 0 |a náklady 
610 2 0 |a výnosy podnikové 
610 2 0 |a uzávierka účtovná